000
00371nam a2200145Ia 4500
008
231129s1992||||xx |||||||||||||| ||spa||
020
_a
958-9043-85-0
040
_b
spa
082
_a
928.6 A674c
100
_a
Cobo Borda Juan Gustavo
245
0
_a
German Arciniegas
260
_c
1992
264
_a
Procultura
942
_2
ddc
_c
BKS
999
_c
14473
_d
14473